Statistics for Nintendo Quiz

Click here to take the quiz!

General Stats

  • This quiz has been taken 835 times
  • The average score is 15 of 32

Answer Stats

HintAnswer% Correct
What country was Nintedo founded in?Japan
93%
What year was the NES realeased in North America?1985
76%
What console did Nintedo release in 2006Wii
76%
What bit console what the SNES?16
75%
Who is Wario's brother?Waluigi
72%
Who is Princess Peach's cousin?Daisy
69%
What was Nintedo's first extremely successful video game?Donkey Kong
69%
What is the name of the oiriginal Mario arcade game?Mario Bros.
69%
What is Nintendo's best selling handheld console of all time?Nintendo DS
69%
How many games in the Metriod series to date? (2012)11
62%
What year was the N64 released in North America?1996
61%
What year did Nintedo start developing video games?1974
59%
What is the name of the next console Nintendo plans on releasing?Wii U
59%
What console did Nintedo produce in an attempt to create virtual reality?Virtual Boy
58%
How many Zelda games have there been to date? (2012)23
52%
What was the Japanese version of the NES called?Famicom
51%
What was Nintendo's first handheld video game?Game & Watch
50%
What is Luigi's full name?Luigi Mario
50%
Who is the "mastermind" behind Nintendo's successful game production?Shigeru Miyamoto
47%
Which game in the Legend of Zelda series do we discover Ganondorf?The Legend of Zelda - Ocarina of Time
46%
What year was Nintendo founded?1889
43%
How old is Mario? (Actual age)26
41%
Roughly, how many million copies of Super Mario Bros were sold?40
35%
What add on to the N64 allowed the player to feel vibrations?Rumble Pak
35%
What game does the term "I AM ERROR" come from?The Legend of Zelda: A Link to the Past
33%
What game is the sequal to Paper Mario?Paper Mario: The Thousand-Year Door
28%
What is the name of the female member of the DK crew?Tiny Kong
22%
What was the first line of consoles Nintedo produced?Color TV Game
14%
In Super Mario Galaxy 1, what comet forces you to race against a dark version of yourself?Cosmic Comet
8%
What is Ganondorfs last name?Dragmire
7%
What was Nintendo's slogan before the release of the N64?Play It Now
2%
What is the FIRST Nintendo game to be produced?Laser Clay Shooting System
1%

Score Distribution

Percentile by Number Answered

Percent of People with Each Score

Your Score History

You have not taken this quiz